000 01271cam a22003497a 4500
003 CHAP
005 20220817042859.0
008 971013s1986 r 00010 d
010 _a58695
011 _a59667
035 _a63827
040 _cCHAP
082 _a001.6424
_bT35Y 1984
100 0 0 _aTanenbaum, Andrew S.
_9111584
245 0 _aOrganización de computadoras
_b: un enfoque estructurado
260 _aMéxico, D. F. :
_bPrentice-Hall Hispanoamericana,
_c1986.
300 _a507 p.
500 _ac.3 sust. por Hamacher, V. Carl Organización de computadoras
500 _aTrad. de la 2 ed. en inglés de 1984
590 _aBATCH-UPD
_b10
_c20130110
_lUCH01
_h1859
590 _aBATCH-UPD
_b10
_c20130410
_lUCH01
_h1227
590 _aBATCH-UPD
_b10
_c20130914
_lUCH01
_h1022
590 _aCONVERSION
_b10
_c20130109
_lUCH01
_h1332
650 1 4 _aComputación.
_926122
650 1 4 _aComputadoras.
_926129
650 1 4 _aProgramación.
901 _aBK
942 _cLIBRO
949 _a001.6424 T35Y 1984
_bBC
_cLIBRO
_dD_1C21C
_eLIBRO
_fc.3
_gI. c/e
_h77485
_i63827
_si
_t86.00
949 _a001.6424 T35Y 1984
_bBC
_cMUT
_d-137828
_eMUT
_gI. 138018
_h71736
_i63827
_si
_t86.00
949 _a001.6424 T35Y 1984
_bBC
_cMUT
_d-137829
_eMUT
_fc.2
_gI. 138019
_h71737
_i63827
_si
_t86.00
999 _c58695
_d58695